[Event "Titled Tuesday intern op 12th Mar Late"]
[Site "Chess.com INT"]
[Date "2024.03.12"]
[Round "6"]
[White "Navia, Eliana"]
[Black "Trakru, Rohun"]
[Result "0-1"]
[WhiteElo "2053"]
[BlackElo "1969"]
[PlyCount "45"]
[EventDate "2024.03.12"]
[EventType "swiss (blitz)"]
[EventRounds "11"]
[EventCountry "USA"]
[SourceTitle "CB12_2024"]
[SourceDate "2023.10.01"]
[SourceVersion "1"]
[SourceVersionDate "2023.10.01"]
[SourceQuality "1"]

1. Nf3 d5 2. b3 Bg4 3. Bb2 Bxf3 4. exf3 e6 5. Bb5+ c6 6. Be2 Nf6 7. 0-0 g6 8. f4 Bg7 9. d3 0-0 10. Nd2 Qd6 11. g3 Ne8 12. Bxg7 Nxg7 13. Nf3 Nd7 14. Re1 e5 15. fxe5 Nxe5 16. Nxe5 Qxe5 17. Bf3 Qf6 18. Bg2 Rfe8 19. Qf3 Qc3 20. Rxe8+ Rxe8 21. Qd1 Nf5 22. Rb1 Nd4 23. f3 0-1

[Event "Titled Tuesday intern op 12th Mar Late"]
[Site "Chess.com INT"]
[Date "2024.03.12"]
[Round "9"]
[White "Trakru, Rohun"]
[Black "Dias, Simao Poscidonio"]
[Result "1-0"]
[WhiteElo "1969"]
[BlackElo "2068"]
[PlyCount "59"]
[EventDate "2024.03.12"]
[EventType "swiss (blitz)"]
[EventRounds "11"]
[EventCountry "USA"]
[SourceTitle "CB12_2024"]
[SourceDate "2023.10.01"]
[SourceVersion "1"]
[SourceVersionDate "2023.10.01"]
[SourceQuality "1"]

1. e4 c5 2. Nc3 g6 3. d4 cxd4 4. Qxd4 Nf6 5. Be3 Nc6 6. Qd2 Bg7 7. f3 0-0 8. 0-0-0 d6 9. Nge2 Bd7 10. Kb1 a5 11. g4 Ne5 12. Nd4 Rc8 13. g5 Ne8 14. f4 Nc4 15. Bxc4 Rxc4 16. h4 b5 17. h5 b4 18. hxg6 fxg6 19. Qh2 bxc3 20. Qxh7+ Kf7 21. f5 Rh8 22. Qxg6+ Kg8 23. Rxh8+ Kxh8 24. Qf7 Bxf5 25. exf5 Qa8 26. Qxc4 cxb2 27. Qc6 Qb8 28. Rh1+ Kg8 29. Qd5+ Kf8 30. Ne6+ 1-0

[Event "Titled Tuesday intern op 23rd May Early"]
[Site "Chess.com INT"]
[Date "2023.05.23"]
[Round "4"]
[White "Gabr, Mohsen"]
[Black "Trakru, Rohun"]
[Result "1-0"]
[WhiteElo "2200"]
[BlackElo "1952"]
[PlyCount "63"]
[EventDate "2023.05.23"]
[EventType "swiss (blitz)"]
[EventRounds "11"]
[EventCountry "USA"]
[SourceTitle "CBM 214 Extra"]
[Source "ChessBase"]
[SourceDate "2023.07.31"]
[SourceVersion "1"]
[SourceVersionDate "2023.07.31"]
[SourceQuality "1"]

1. e4 c6 2. d3 d5 3. Nd2 g6 4. g3 Bg7 5. Bg2 d4 6. f4 c5 7. Ngf3 Nc6 8. 0-0 e5 9. Nc4 Bg4 10. h3 Bxf3 11. Qxf3 Nge7 12. f5 f6 13. fxg6 hxg6 14. g4 b5 15. Nd2 Rf8 16. g5 f5 17. exf5 gxf5 18. Nb3 Qd6 19. Qh5+ Kd7 20. a4 a6 21. axb5 axb5 22. Rxa8 Rxa8 23. Qf7 Bh8 24. Rxf5 c4 25. Nd2 Ra1 26. Rf1 cxd3 27. cxd3 Qg6 28. Qf3 Qg8 29. h4 Kc7 30. Ne4 Kb6 31. Nf6 Bxf6 32. gxf6 1-0

[Event "Titled Tuesday intern op 23rd May Early"]
[Site "Chess.com INT"]
[Date "2023.05.23"]
[Round "2"]
[White "Trakru, Rohun"]
[Black "Rosenberg, Evan"]
[Result "1-0"]
[WhiteElo "1952"]
[BlackElo "1956"]
[PlyCount "81"]
[EventDate "2023.05.23"]
[EventType "swiss (blitz)"]
[EventRounds "11"]
[EventCountry "USA"]
[SourceTitle "CBM 214 Extra"]
[Source "ChessBase"]
[SourceDate "2023.07.31"]
[SourceVersion "1"]
[SourceVersionDate "2023.07.31"]
[SourceQuality "1"]

1. e4 e5 2. Nf3 Nc6 3. Bc4 Nf6 4. d4 exd4 5. e5 d5 6. Bb5 Nd7 7. 0-0 Be7 8. Bxc6 bxc6 9. Nxd4 Nb8 10. Qf3 0-0 11. Nc3 a5 12. Bf4 Ra6 13. Qg3 c5 14. Ndb5 Rg6 15. Qf3 Be6 16. Rad1 d4 17. Qb7 c6 18. Nc7 Bf5 19. Rd2 Bg5 20. Bxg5 Qxg5 21. f4 Qe7 22. Na4 Rc8 23. Qb6 Qxc7 24. Qxc5 h5 25. Rxd4 Na6 26. Qb6 Qxb6 27. Nxb6 Rb8 28. Nc4 Bxc2 29. b3 a4 30. bxa4 Bxa4 31. Nd6 Bb5 32. Rb1 Be2 33. Rxb8+ Nxb8 34. Kf2 Bg4 35. f5 Rh6 36. h3 Bxf5 37. Nxf5 Rg6 38. Ne7+ Kf8 39. Nxg6+ fxg6 40. Rd8+ Ke7 41. Rxb8 1-0

[Event "Titled Tuesday intern op 18th Apr Early"]
[Site "Chess.com INT"]
[Date "2023.04.18"]
[Round "5"]
[White "Trakru, Rohun"]
[Black "Orujov, Farid"]
[Result "0-1"]
[WhiteElo "1952"]
[BlackElo "2225"]
[PlyCount "86"]
[EventDate "2023.04.18"]
[EventType "swiss (blitz)"]
[EventRounds "11"]
[EventCountry "USA"]
[SourceTitle "EXT 2024"]
[Source "ChessBase"]
[SourceDate "2023.10.10"]
[SourceVersion "1"]
[SourceVersionDate "2023.10.10"]
[SourceQuality "1"]

1. a3 a6 2. c4 Nf6 3. Nc3 e6 4. d4 d5 5. Bg5 Be7 6. e3 0-0 7. cxd5 exd5 8. Bd3 h6 9. Bh4 c6 10. Nf3 Ne4 11. Bxe7 Qxe7 12. Qc2 f5 13. 0-0 Be6 14. Ne5 Kh7 15. f3 Nd6 16. b4 Nd7 17. f4 Nxe5 18. fxe5 Ne4 19. Bxe4 dxe4 20. Na4 Bd5 21. Nc5 g5 22. a4 f4 23. Nxe4 Kh8 24. exf4 gxf4 25. Nf6 Rxf6 26. exf6 Qxf6 27. Qf2 Rg8 28. g3 f3 29. Rae1 b5 30. axb5 axb5 31. Re5 Qd6 32. Qe3 Rg6 33. Re8+ Kg7 34. Re7+ Kf8 35. Re1 Rxg3+ 36. Kf1 Bc4+ 37. Kf2 Rg2+ 38. Kxf3 Bd5+ 39. Re4 Rg6 40. Ke2 Bxe4 41. Qxe4 Re6 42. Kd3 Rxe4 43. Rxe4 Qxb4 0-1

[Event "Titled Tuesday intern op 14th Mar Late"]
[Site "Chess.com INT"]
[Date "2023.03.14"]
[Round "11"]
[White "Trakru, Rohun"]
[Black "Thomforde Toates, Noah"]
[Result "0-1"]
[WhiteElo "1952"]
[BlackElo "2124"]
[PlyCount "128"]
[EventDate "2023.03.14"]
[EventType "swiss (blitz)"]
[EventRounds "11"]
[EventCountry "USA"]
[SourceTitle "EXT 2024"]
[Source "ChessBase"]
[SourceDate "2023.10.10"]
[SourceVersion "1"]
[SourceVersionDate "2023.10.10"]
[SourceQuality "1"]

1. e4 c5 2. Nc3 g6 3. d4 cxd4 4. Qxd4 Nf6 5. Be3 Nc6 6. Qd2 Bg7 7. f3 0-0 8. 0-0-0 Qa5 9. Kb1 d6 10. Nge2 Be6 11. Nf4 Ne5 12. Nxe6 fxe6 13. f4 Neg4 14. Bc4 d5 15. exd5 Rac8 16. Bb3 Rxc3 17. Bd4 Rc5 18. Bxc5 Qxc5 19. dxe6 Nf2 20. Rhe1 Nxd1 21. Qxd1 Qc7 22. g3 Rd8 23. Qe2 Qd6 24. c3 Qd2 25. Qxd2 Rxd2 26. Rh1 Ng4 27. Rd1 Rxd1+ 28. Bxd1 Ne3 29. Be2 Bf6 30. a4 b6 31. Ka2 Kf8 32. Kb3 Ke8 33. Kb4 Kd8 34. Kb5 Kc7 35. Ka6 Kb8 36. Kb5 Kb7 37. Bf3+ Kc7 38. Be2 Nd5 39. Bf3 Ne3 40. Be2 h6 41. Ka6 Kb8 42. Kb5 Nd5 43. Kc6 Nc7 44. Kd7 g5 45. f5 Nd5 46. Bf3 Ne3 47. Be4 Nd1 48. b4 Nxc3 49. Bc2 Nd5 50. b5 Ne3 51. Be4 h5 52. h3 h4 53. g4 Nd1 54. Bf3 Nf2 55. Bg2 Nd3 56. Be4 Nf4 57. Bf3 Nxh3 58. Ke8 Nf4 59. Kf7 h3 60. Bh1 h2 61. Ke8 Ne2 62. Bf3 Ng3 63. Kf7 h1Q 64. Bxh1 Nxh1 0-1

[Event "Titled Tuesday intern op 06th Sep Late"]
[Site "Chess.com INT"]
[Date "2022.09.06"]
[Round "1"]
[White "Biriukov, Ilja"]
[Black "Trakru, Rohun"]
[Result "1-0"]
[WhiteElo "2311"]
[BlackElo "1952"]
[PlyCount "41"]
[EventDate "2022.09.06"]
[EventType "swiss (blitz)"]
[EventRounds "11"]
[EventCountry "USA"]
[SourceTitle "EXT 2023"]
[Source "ChessBase"]
[SourceDate "2022.10.05"]
[SourceVersion "1"]
[SourceVersionDate "2022.10.05"]
[SourceQuality "1"]

1. d4 d5 2. c4 e6 3. Nc3 c5 4. e3 Nc6 5. Nf3 a6 6. cxd5 exd5 7. Be2 Nf6 8. 0-0 Bd6 9. dxc5 Bxc5 10. b3 0-0 11. Na4 Bd6 12. Bb2 b5 13. Nc3 Bb7 14. Rc1 Rc8 15. Nd4 Bb8 16. Bf3 Ne5 17. Nce2 Nxf3+ 18. Nxf3 Ne4 19. Ned4 Qd6 20. Nf5 Qg6 21. Ne7+ 1-0

[Event "Titled Tuesday intern op 30th Aug Late"]
[Site "Chess.com INT"]
[Date "2022.08.30"]
[Round "5"]
[White "Trakru, Rohun"]
[Black "Rustemov, Alexander"]
[Result "0-1"]
[WhiteElo "1952"]
[BlackElo "2525"]
[PlyCount "54"]
[EventDate "2022.08.30"]
[EventType "swiss (blitz)"]
[EventRounds "11"]
[EventCountry "USA"]
[SourceTitle "EXT 2023"]
[Source "ChessBase"]
[SourceDate "2022.10.05"]
[SourceVersion "1"]
[SourceVersionDate "2022.10.05"]
[SourceQuality "1"]

1. e4 e6 2. d4 d5 3. Bd3 dxe4 4. Bxe4 Nf6 5. Bf3 Be7 6. Ne2 0-0 7. 0-0 Nbd7 8. Ng3 Re8 9. Re1 c6 10. c4 Qc7 11. Nc3 b6 12. Nb5 Qb7 13. Bf4 Rd8 14. Nc7 Rb8 15. Qa4 Nf8 16. Bxc6 Bd7 17. Bxd7 Rxd7 18. Nb5 Rc8 19. Rad1 Ng6 20. Be5 a6 21. Nc3 Ng4 22. Re4 b5 23. cxb5 axb5 24. Qc2 f5 25. Ree1 b4 26. Qb3 bxc3 27. Qxc3 Rxc3 0-1

[Event "Titled Tuesday intern op 09th Aug Late"]
[Site "Chess.com INT"]
[Date "2022.08.09"]
[Round "2"]
[White "Trakru, Rohun"]
[Black "Svane, Frederik"]
[Result "0-1"]
[WhiteElo "1952"]
[BlackElo "2547"]
[PlyCount "75"]
[EventDate "2022.08.09"]
[EventType "swiss (blitz)"]
[EventRounds "11"]
[EventCountry "USA"]
[SourceTitle "EXT 2023"]
[Source "ChessBase"]
[SourceDate "2022.10.05"]
[SourceVersion "1"]
[SourceVersionDate "2022.10.05"]
[SourceQuality "1"]

1. e4 c5 2. Nc3 e6 3. Nge2 Nc6 4. g3 d5 5. exd5 exd5 6. d4 Nf6 7. Bg2 cxd4 8. Nxd4 Bg4 9. Qd3 Bc5 10. Nb3 Qe7+ 11. Kf1 Bb4 12. Bg5 Bxc3 13. bxc3 Ne5 14. Qb5+ Bd7 15. Qxb7 0-0 16. Qb4 Qe6 17. Nd4 Qa6+ 18. Kg1 Rab8 19. Qe7 Rfe8 20. Bxf6 Rxe7 21. Bxe7 Re8 22. Bg5 Qa5 23. Bd2 Nc4 24. Be1 g5 25. h4 Rxe1+ 26. Rxe1 Qxc3 27. Re7 Bg4 28. Nc6 Bf3 29. hxg5 Nd2 30. Ne5 Bxg2 31. Kxg2 Qxc2 32. Re1 Ne4 33. Ng4 Kg7 34. Re5 Qxa2 35. Kg1 a5 36. f3 Qd2 37. Rf1 Nxg5 38. Rxd5 0-1

[Event "Titled Tuesday intern op 02nd Aug Late"]
[Site "Chess.com INT"]
[Date "2022.08.02"]
[Round "5"]
[White "Liu, Casper Yukun"]
[Black "Trakru, Rohun"]
[Result "1-0"]
[WhiteElo "2317"]
[BlackElo "1952"]
[PlyCount "55"]
[EventDate "2022.08.02"]
[EventType "swiss (blitz)"]
[EventRounds "11"]
[EventCountry "USA"]
[SourceTitle "EXT 2023"]
[Source "ChessBase"]
[SourceDate "2022.10.05"]
[SourceVersion "1"]
[SourceVersionDate "2022.10.05"]
[SourceQuality "1"]

1. d4 d5 2. Nc3 Nf6 3. Bg5 e6 4. Nf3 c5 5. e3 Nc6 6. Bb5 Qb6 7. 0-0 Bd7 8. Bxf6 gxf6 9. e4 cxd4 10. Bxc6 bxc6 11. Nxd4 c5 12. Nf3 d4 13. Ne2 Bd6 14. b4 Qxb4 15. c3 Qa4 16. cxd4 Qxd1 17. Rfxd1 c4 18. Nd2 Rc8 19. Rdc1 Bb5 20. Rab1 Ba6 21. Rc3 Ke7 22. f4 Rb8 23. Rxb8 Rxb8 24. Nxc4 Rb1+ 25. Kf2 Bxc4 26. Rxc4 Rb2 27. Ra4 Bxf4 28. Rxa7+ 1-0

[Event "Titled Tuesday intern op 19th Jul Late"]
[Site "Chess.com INT"]
[Date "2022.07.19"]
[Round "6"]
[White "Leitao, Rafael Duailibe"]
[Black "Trakru, Rohun"]
[Result "1-0"]
[WhiteElo "2592"]
[BlackElo "1952"]
[PlyCount "117"]
[EventDate "2022.07.19"]
[EventType "swiss (blitz)"]
[EventRounds "11"]
[EventCountry "USA"]
[SourceTitle "EXT 2023"]
[Source "ChessBase"]
[SourceDate "2022.10.05"]
[SourceVersion "1"]
[SourceVersionDate "2022.10.05"]
[SourceQuality "1"]

1. e4 d5 2. exd5 Qxd5 3. Nc3 Qa5 4. d4 Nf6 5. Bc4 Bf5 6. Nge2 e6 7. 0-0 Nc6 8. Bd2 Bb4 9. a3 Bxc3 10. Bxc3 Qb6 11. a4 a5 12. Bb5 0-0 13. Qc1 Rfd8 14. Rd1 Ne4 15. Qe3 Ne7 16. Bd3 Nxc3 17. bxc3 c6 18. c4 Qc7 19. c3 Rd7 20. Ng3 Bxd3 21. Rxd3 Rad8 22. Rad1 h6 23. Ne4 Nf5 24. Qf3 b6 25. Qg4 Kh8 26. h4 c5 27. d5 Qe5 28. Rf3 exd5 29. cxd5 Rxd5 30. Rxd5 Rxd5 31. g3 c4 32. Kg2 Qe6 33. Rf4 Ne7 34. Qxe6 fxe6 35. Rf7 Ng6 36. Rb7 Ne5 37. Rxb6 Nd3 38. Rxe6 Nb2 39. Rc6 Re5 40. f3 Nxa4 41. Rxc4 Nb2 42. Rc8+ Kh7 43. Ra8 Rd5 44. Kf2 Nc4 45. Ke2 Rb5 46. Kd3 Ne5+ 47. Ke3 Nc4+ 48. Kd4 Nb2 49. c4 Rb4 50. Kc3 Nxc4 51. Rxa5 Nxa5 52. Kxb4 Nc6+ 53. Kc5 Ne5 54. Nd2 Kg6 55. Kd4 Nc6+ 56. Ke4 Ne7 57. Nc4 Kf6 58. Ne3 g5 59. hxg5+ 1-0

[Event "Titled Tuesday intern op 19th Jul Late"]
[Site "Chess.com INT"]
[Date "2022.07.19"]
[Round "7"]
[White "Trakru, Rohun"]
[Black "Kaganskiy, Gleb"]
[Result "1-0"]
[WhiteElo "1952"]
[BlackElo "2240"]
[PlyCount "69"]
[EventDate "2022.07.19"]
[EventType "swiss (blitz)"]
[EventRounds "11"]
[EventCountry "USA"]
[SourceTitle "EXT 2023"]
[Source "ChessBase"]
[SourceDate "2022.10.05"]
[SourceVersion "1"]
[SourceVersionDate "2022.10.05"]
[SourceQuality "1"]

1. d4 d6 2. e4 Nf6 3. Nc3 e5 4. Nf3 Nbd7 5. Bc4 Be7 6. Bxf7+ Kxf7 7. Ng5+ Kg8 8. Ne6 Qe8 9. Nxc7 Qg6 10. Nxa8 Qxg2 11. Rf1 exd4 12. Qxd4 Ne5 13. Qxa7 Nf3+ 14. Ke2 Bg4 15. Be3 Nxh2+ 16. Kd3 Nxf1 17. Qxb7 Kf7 18. Nb6 Nxe3 19. fxe3 Bf5 20. a4 d5 21. exf5 h5 22. Nc8 Rxc8 23. Qxc8 d4 24. Qe6+ Kf8 25. exd4 Qf3+ 26. Kc4 Qb7 27. a5 Qxb2 28. Ra2 Qb4+ 29. Kd3 Ng4 30. Qc8+ Kf7 31. Qc4+ Qxc4+ 32. Kxc4 h4 33. a6 Ne3+ 34. Kd3 Nxf5 35. a7 1-0

[Event "Titled Tuesday intern op 19th Jul Late"]
[Site "Chess.com INT"]
[Date "2022.07.19"]
[Round "10"]
[White "Trakru, Rohun"]
[Black "Navarrete Mendez, Gonzalo Albe"]
[Result "0-1"]
[WhiteElo "1952"]
[BlackElo "2185"]
[PlyCount "30"]
[EventDate "2022.07.19"]
[EventType "swiss (blitz)"]
[EventRounds "11"]
[EventCountry "USA"]
[SourceTitle "EXT 2023"]
[Source "ChessBase"]
[SourceDate "2022.10.05"]
[SourceVersion "1"]
[SourceVersionDate "2022.10.05"]
[SourceQuality "1"]

1. e4 e5 2. Nf3 Nc6 3. Bc4 Nf6 4. d4 exd4 5. e5 d5 6. Bb5 Ne4 7. Nxd4 Bc5 8. Be3 0-0 9. Nxc6 bxc6 10. Bxc5 Nxc5 11. Bxc6 Ba6 12. Qxd5 Qg5 13. Nd2 Rad8 14. Nf3 Rxd5 15. Nxg5 Rxe5+ 0-1

[Event "Titled Tuesday intern op 12th Jul Late"]
[Site "Chess.com INT"]
[Date "2022.07.12"]
[Round "6"]
[White "Papp, Levente"]
[Black "Trakru, Rohun"]
[Result "0-1"]
[WhiteElo "2394"]
[BlackElo "1952"]
[PlyCount "66"]
[EventDate "2022.07.12"]
[EventType "swiss (blitz)"]
[EventRounds "11"]
[EventCountry "USA"]
[SourceTitle "EXT 2023"]
[Source "ChessBase"]
[SourceDate "2022.10.05"]
[SourceVersion "1"]
[SourceVersionDate "2022.10.05"]
[SourceQuality "1"]

1. Nf3 d5 2. g3 g6 3. Bg2 Bg7 4. d4 c6 5. 0-0 Nf6 6. c4 dxc4 7. a4 Na6 8. Na3 Nb4 9. Nxc4 Bf5 10. Ne1 0-0 11. a5 b5 12. axb6 axb6 13. Rxa8 Qxa8 14. Qb3 Nbd5 15. Nd3 b5 16. Nce5 Be4 17. Bxe4 Nxe4 18. f3 Nd6 19. e4 Nb6 20. Bg5 Ndc4 21. Nxc4 Nxc4 22. e5 e6 23. Qc3 h6 24. Be7 Re8 25. Bc5 Qa2 26. Nb4 Qxb2 27. Qxb2 Nxb2 28. Nxc6 Bf8 29. Rb1 Bxc5 30. Rxb2 Bf8 31. Rxb5 Rc8 32. Rb6 Kg7 33. Kf2 Ra8 0-1

[Event "Titled Tuesday intern op 12th Jul Late"]
[Site "Chess.com INT"]
[Date "2022.07.12"]
[Round "5"]
[White "Sibilio, Mario"]
[Black "Trakru, Rohun"]
[Result "1/2-1/2"]
[WhiteElo "2279"]
[BlackElo "1952"]
[PlyCount "97"]
[EventDate "2022.07.12"]
[EventType "swiss (blitz)"]
[EventRounds "11"]
[EventCountry "USA"]
[SourceTitle "EXT 2023"]
[Source "ChessBase"]
[SourceDate "2022.10.05"]
[SourceVersion "1"]
[SourceVersionDate "2022.10.05"]
[SourceQuality "1"]

1. Nf3 d5 2. d4 e6 3. c4 a6 4. cxd5 exd5 5. Nc3 Nf6 6. Bg5 Be6 7. e3 Nbd7 8. Bd3 Bd6 9. 0-0 c6 10. e4 dxe4 11. Nxe4 Be7 12. Re1 0-0 13. Qc2 h6 14. Bxf6 Nxf6 15. Nc5 Bxc5 16. dxc5 Bd5 17. Ne5 Qc7 18. Rad1 Rfe8 19. f4 Rad8 20. a3 Qc8 21. h3 Qc7 22. b4 Nd7 23. Bh7+ Kf8 24. Qc3 Nxe5 25. fxe5 Be6 26. Be4 Qe7 27. Rd6 Qg5 28. Kh1 g6 29. Bf3 Kg7 30. Red1 h5 31. Qd4 Rc8 32. h4 Qg3 33. Rf1 Kh7 34. Be2 Rc7 35. Bc4 Rce7 36. Bxe6 fxe6 37. Rd7 Kg7 38. Rf6 Qe1+ 39. Kh2 Kh7 40. Rxe7+ Rxe7 41. Qf4 Rg7 42. Rf7 Qe2 43. Rxg7+ Kxg7 44. Qf6+ Kh7 45. Qf7+ Kh6 46. Qf8+ Kh7 47. Qf7+ Kh6 48. Qf8+ Kh7 49. Qf7+ 1/2-1/2

[Event "Titled Tuesday intern op 12th Jul Late"]
[Site "Chess.com INT"]
[Date "2022.07.12"]
[Round "4"]
[White "Trakru, Rohun"]
[Black "Priasmoro, Novendra"]
[Result "0-1"]
[WhiteElo "1952"]
[BlackElo "2494"]
[PlyCount "58"]
[EventDate "2022.07.12"]
[EventType "swiss (blitz)"]
[EventRounds "11"]
[EventCountry "USA"]
[SourceTitle "EXT 2023"]
[Source "ChessBase"]
[SourceDate "2022.10.05"]
[SourceVersion "1"]
[SourceVersionDate "2022.10.05"]
[SourceQuality "1"]

1. d4 Nf6 2. Bg5 g6 3. Bxf6 exf6 4. e3 f5 5. g3 d5 6. Bg2 c6 7. Ne2 h5 8. h4 Bd6 9. b3 Nd7 10. c4 Nf6 11. Nbc3 Be6 12. Rc1 a6 13. Qd3 0-0 14. cxd5 cxd5 15. 0-0 Ne4 16. Nf4 Bxf4 17. exf4 Rc8 18. Rfd1 Qa5 19. Nxe4 fxe4 20. Qe2 Rc7 21. f3 exf3 22. Bxf3 Rfc8 23. Rxc7 Rxc7 24. Qd2 Rc3 25. Rc1 Rxc1+ 26. Qxc1 Qxa2 27. Bd1 Kg7 28. Bc2 a5 29. Kf2 Bf5 0-1

[Event "Titled Tuesday intern op 21st Jun Early"]
[Site "Chess.com INT"]
[Date "2022.06.21"]
[Round "2"]
[White "Martin, Lewis"]
[Black "Trakru, Rohun"]
[Result "1-0"]
[WhiteElo "2199"]
[BlackElo "2056"]
[PlyCount "161"]
[EventDate "2022.06.21"]
[EventType "swiss (blitz)"]
[EventRounds "11"]
[EventCountry "USA"]
[SourceTitle "EXT 2023"]
[Source "ChessBase"]
[SourceDate "2022.10.05"]
[SourceVersion "1"]
[SourceVersionDate "2022.10.05"]
[SourceQuality "1"]

1. e4 e6 2. d4 d5 3. Nd2 c5 4. exd5 Qxd5 5. dxc5 Bxc5 6. Ngf3 Nf6 7. Bc4 Qd8 8. 0-0 0-0 9. Nb3 Bb6 10. Bg5 Nbd7 11. Re1 Qc7 12. Bd3 Re8 13. c3 a6 14. Qc2 h6 15. Bh4 Ba7 16. Bg3 Qd8 17. Rad1 b5 18. Be4 Nxe4 19. Qxe4 Rb8 20. Bxb8 Bxb8 21. Nc5 Qc7 22. Nxd7 Bxd7 23. Ne5 Bc8 24. Qc6 Qe7 25. f4 Bb7 26. Qd7 Ba7+ 27. Kh1 Bd5 28. Qxe7 Rxe7 29. b3 Rc7 30. Rd3 f6 31. Nf3 Kf7 32. Rc1 Rc8 33. c4 Be4 34. Rd7+ Kg6 35. Rxa7 Kf5 36. Rxa6 Kxf4 37. Rxe6 b4 38. Re1 f5 39. Nd4 Ra8 40. Re2 g5 41. Rxh6 Bd3 42. Re1 Rxa2 43. Ne6+ Kg4 44. h3+ Kg3 45. Rg6 Be4 46. Rxg5+ Kh4 47. Rg8 Rb2 48. Nc5 Bc6 49. Kh2 f4 50. Re7 Rxg2+ 51. Rxg2 f3 52. Rf2 Kg5 53. Re5+ Kf4 54. Re8 Bxe8 55. Nd3+ Ke3 56. Kg3 Bc6 57. Nxb4 Be4 58. Nd5+ Kd4 59. h4 Ke5 60. Rxf3 Bxf3 61. Kxf3 Kf5 62. h5 Kg5 63. b4 Kxh5 64. b5 Kg6 65. Ke4 Kf7 66. Ke5 Ke8 67. Kd6 Kf7 68. Kd7 Kg6 69. b6 Kf5 70. b7 Ke4 71. b8Q Kd4 72. Qd6 Kxc4 73. Kc6 Kd3 74. Nf4+ Ke4 75. Kc5 Kf5 76. Kd4 Kg4 77. Ke4 Kg3 78. Nd3+ Kg4 79. Qg6+ Kh3 80. Kf3 Kh2 81. Qg2# 1-0

[Event "Titled Tuesday intern op 21st Jun Early"]
[Site "Chess.com INT"]
[Date "2022.06.21"]
[Round "3"]
[White "Trakru, Rohun"]
[Black "De Souza, Cristiano Gomes"]
[Result "1-0"]
[WhiteElo "2056"]
[BlackElo "2018"]
[PlyCount "61"]
[EventDate "2022.06.21"]
[EventType "swiss (blitz)"]
[EventRounds "11"]
[EventCountry "USA"]
[SourceTitle "EXT 2023"]
[Source "ChessBase"]
[SourceDate "2022.10.05"]
[SourceVersion "1"]
[SourceVersionDate "2022.10.05"]
[SourceQuality "1"]

1. Nf3 Nf6 2. c4 g6 3. d4 Bg7 4. Nc3 d6 5. e4 0-0 6. h3 e5 7. d5 Na6 8. Be2 Nc5 9. Qc2 a5 10. Be3 Nfd7 11. g4 f5 12. gxf5 gxf5 13. exf5 Nb6 14. Rg1 Bxf5 15. Qd2 Rf7 16. Ng5 Rd7 17. 0-0-0 a4 18. Bxc5 dxc5 19. Nge4 Qf8 20. Qd3 Re8 21. Bg4 Bxg4 22. hxg4 Rf7 23. Kb1 h6 24. g5 hxg5 25. Nxg5 Rf5 26. Ne6 Rxe6 27. dxe6 Rxf2 28. Ne4 Rf4 29. Qd8 Nc8 30. Qxf8+ Rxf8 31. Rd7 1-0

[Event "Titled Tuesday intern op 21st Jun Early"]
[Site "Chess.com INT"]
[Date "2022.06.21"]
[Round "7"]
[White "Vifleemskaia, Svetlana"]
[Black "Trakru, Rohun"]
[Result "1-0"]
[WhiteElo "1926"]
[BlackElo "2056"]
[PlyCount "121"]
[EventDate "2022.06.21"]
[EventType "swiss (blitz)"]
[EventRounds "11"]
[EventCountry "USA"]
[SourceTitle "EXT 2023"]
[Source "ChessBase"]
[SourceDate "2022.10.05"]
[SourceVersion "1"]
[SourceVersionDate "2022.10.05"]
[SourceQuality "1"]

1. d4 Nf6 2. c4 g6 3. Nc3 Bg7 4. e4 d6 5. Nge2 0-0 6. Ng3 Nbd7 7. Be2 e5 8. d5 a5 9. 0-0 Ne8 10. Be3 f5 11. exf5 gxf5 12. f4 e4 13. Nh5 Bh8 14. g4 Ng7 15. g5 Nxh5 16. Bxh5 Nc5 17. Be2 Bd7 18. Bd4 Bxd4+ 19. Qxd4 Qe8 20. Qe3 Qf7 21. h4 Qg7 22. h5 h6 23. Kh1 Kh7 24. Rg1 Rg8 25. Raf1 Raf8 26. g6+ Kh8 27. Rf2 Qf6 28. Rh2 Rg7 29. b3 b6 30. Nd1 Qa1 31. Nc3 Qb2 32. Bd1 Qa3 33. Bc2 a4 34. Nb1 Qxa2 35. b4 Nb7 36. Qc3 a3 37. Bb3 Qxh2+ 38. Kxh2 Ra8 39. Ba2 Kg8 40. Nd2 Nd8 41. Nb3 Nb7 42. Nd4 Nd8 43. Kg3 Re7 44. Re1 Re8 45. Re3 Ra7 46. Qc1 c5 47. dxc6 Nxc6 48. Nxc6 Bxc6 49. c5+ d5 50. cxb6 Rd7 51. Qxc6 Red8 52. b7 Kg7 53. b8Q d4 54. Qxd8 Rxd8 55. Re1 d3 56. Qc7+ Kf6 57. Qxd8+ Kg7 58. Qd7+ Kh8 59. Qe8+ Kg7 60. Qf7+ Kh8 61. Qh7# 1-0

[Event "Titled Tuesday intern op 21st Jun Early"]
[Site "Chess.com INT"]
[Date "2022.06.21"]
[Round "5"]
[White "Warchol, Kamil"]
[Black "Trakru, Rohun"]
[Result "0-1"]
[WhiteElo "1991"]
[BlackElo "2056"]
[PlyCount "84"]
[EventDate "2022.06.21"]
[EventType "swiss (blitz)"]
[EventRounds "11"]
[EventCountry "USA"]
[SourceTitle "EXT 2023"]
[Source "ChessBase"]
[SourceDate "2022.10.05"]
[SourceVersion "1"]
[SourceVersionDate "2022.10.05"]
[SourceQuality "1"]

1. e4 e6 2. d4 d5 3. Nc3 Nf6 4. Bg5 Bb4 5. e5 h6 6. Bd2 Bxc3 7. bxc3 Ne4 8. Bc1 Nxc3 9. Qg4 g6 10. Bd3 h5 11. Qf4 c5 12. dxc5 Nc6 13. Nf3 Qa5 14. 0-0 Qxc5 15. a4 Qf8 16. Bb2 Ne4 17. Bxe4 dxe4 18. Ng5 Bd7 19. Nxe4 0-0-0 20. Nd6+ Kb8 21. Ba3 Qg7 22. Nxf7 Rhf8 23. Bd6+ Ka8 24. Bxf8 Rxf8 25. Rad1 Rxf7 26. Qd2 Qxe5 27. Qd6 Qg5 28. f4 Qd8 29. Rf3 a6 30. Rfd3 Qb6+ 31. Kh1 h4 32. Qa3 Bc8 33. Qd6 Qf2 34. Rf3 Qxc2 35. Rff1 Rd7 36. Qxd7 Bxd7 37. Rxd7 h3 38. gxh3 Qe4+ 39. Kg1 Nd4 40. Rd8+ Ka7 41. Rd1 Qe3+ 42. Kf1 Qe2+ 0-1

[Event "Titled Tuesday intern op 14th Jun Late"]
[Site "Chess.com INT"]
[Date "2022.06.14"]
[Round "3"]
[White "Seletsky, Grigory"]
[Black "Trakru, Rohun"]
[Result "1-0"]
[WhiteElo "2283"]
[BlackElo "2056"]
[PlyCount "81"]
[EventDate "2022.06.14"]
[EventType "swiss (blitz)"]
[EventRounds "11"]
[EventCountry "USA"]
[SourceTitle "EXT 2023"]
[Source "ChessBase"]
[SourceDate "2022.10.05"]
[SourceVersion "1"]
[SourceVersionDate "2022.10.05"]
[SourceQuality "1"]

1. d4 d5 2. c4 e6 3. Nc3 c5 4. cxd5 cxd4 5. Qa4+ Bd7 6. Qxd4 exd5 7. Nf3 Nf6 8. e3 Nc6 9. Qd1 Bb4 10. Bd2 0-0 11. a3 Bd6 12. Nb5 Qe7 13. Nxd6 Qxd6 14. Bc3 Rfe8 15. Be2 Rad8 16. 0-0 Ne4 17. Bd4 Bg4 18. Rc1 Qg6 19. Kh1 Qh6 20. Ng1 Bxe2 21. Nxe2 Qh4 22. g3 Qh5 23. Nf4 Qh6 24. Kg2 Qd6 25. h4 Qd7 26. b4 a6 27. Re1 Rc8 28. Qh5 g6 29. Qxd5 Qxd5 30. Nxd5 Nxd4 31. Rxc8 Rxc8 32. Ne7+ Kg7 33. Nxc8 Nc6 34. Rd1 Nc3 35. Rd7 b5 36. Nd6 Ne5 37. Ra7 Kf6 38. Ne8+ Ke6 39. Rxa6+ Kf5 40. Nd6+ Ke6 41. Nxb5+ 1-0